<?xml version="1.0" encoding="UTF-8"?>
<record
    xmlns:xsi="http://www.w3.org/2001/XMLSchema-instance"
    xsi:schemaLocation="http://www.loc.gov/MARC21/slim http://www.loc.gov/standards/marcxml/schema/MARC21slim.xsd"
    xmlns="http://www.loc.gov/MARC21/slim">

  <leader>01445cam a22003257a 4500</leader>
  <datafield tag="999" ind1=" " ind2=" ">
    <subfield code="c">14502</subfield>
    <subfield code="d">14502</subfield>
  </datafield>
  <controlfield tag="003">EG-ScBUE</controlfield>
  <controlfield tag="005">20200120130841.0</controlfield>
  <controlfield tag="008">100718s1992    ua     f b    001 0 ara d</controlfield>
  <datafield tag="040" ind1=" " ind2=" ">
    <subfield code="a">EG--SCBUE</subfield>
    <subfield code="b">ara</subfield>
    <subfield code="e">rda</subfield>
    <subfield code="c">EG--SCBUE</subfield>
    <subfield code="d">EG--SCBUE</subfield>
  </datafield>
  <datafield tag="082" ind1="0" ind2="4">
    <subfield code="a">892.71008</subfield>
    <subfield code="b">&#x645; &#x646; &#x642;</subfield>
    <subfield code="2">22</subfield>
  </datafield>
  <datafield tag="100" ind1="1" ind2=" ">
    <subfield code="a">&#x627;&#x628;&#x646; &#x645;&#x646;&#x642;&#x630;&#x60C; &#x623;&#x633;&#x627;&#x645;&#x629; &#x628;&#x646; &#x645;&#x631;&#x634;&#x62F;&#x60C;&#x200F;</subfield>
    <subfield code="d">488-584 &#x647;&#x640;.&#x200F;&#x60C;</subfield>
    <subfield code="e">&#x645;&#x624;&#x644;&#x641;.</subfield>
    <subfield code="9">16388</subfield>
  </datafield>
  <datafield tag="245" ind1="1" ind2="2">
    <subfield code="a">&#x627;&#x644;&#x645;&#x646;&#x627;&#x632;&#x644; &#x648;&#x627;&#x644;&#x62F;&#x64A;&#x627;&#x631; /</subfield>
    <subfield code="c">&#x62A;&#x623;&#x644;&#x64A;&#x641; &#x623;&#x633;&#x627;&#x645;&#x629; &#x628;&#x646; &#x645;&#x646;&#x642;&#x630; 488-584 &#x647;&#x640;. &#x61B; &#x628;&#x62A;&#x62D;&#x642;&#x64A;&#x642; &#x627;&#x644;&#x623;&#x633;&#x62A;&#x627;&#x630; &#x645;&#x635;&#x637;&#x641;&#x649; &#x62D;&#x62C;&#x627;&#x632;&#x64A;.</subfield>
  </datafield>
  <datafield tag="250" ind1=" " ind2=" ">
    <subfield code="a">&#x627;&#x644;&#x637;&#x628;&#x639;&#x629; &#x627;&#x644;&#x62B;&#x627;&#x646;&#x64A;&#x629;.</subfield>
  </datafield>
  <datafield tag="264" ind1=" " ind2="1">
    <subfield code="a">&#x627;&#x644;&#x642;&#x627;&#x647;&#x631;&#x629; :</subfield>
    <subfield code="b">&#x62F;&#x627;&#x631; &#x633;&#x639;&#x627;&#x62F; &#x627;&#x644;&#x635;&#x628;&#x627;&#x62D;&#x60C;</subfield>
    <subfield code="c">1992.</subfield>
  </datafield>
  <datafield tag="300" ind1=" " ind2=" ">
    <subfield code="a">592 &#x635;&#x641;&#x62D;&#x629; &#x61B;</subfield>
    <subfield code="c">35 &#x633;&#x645;.</subfield>
  </datafield>
  <datafield tag="336" ind1=" " ind2=" ">
    <subfield code="2">rdacontent</subfield>
    <subfield code="a">&#x646;&#x635;</subfield>
    <subfield code="b">txt</subfield>
  </datafield>
  <datafield tag="337" ind1=" " ind2=" ">
    <subfield code="2">rdamedia</subfield>
    <subfield code="a">&#x628;&#x62F;&#x648;&#x646; &#x648;&#x633;&#x64A;&#x637;</subfield>
    <subfield code="b">n</subfield>
  </datafield>
  <datafield tag="338" ind1=" " ind2=" ">
    <subfield code="2">rdacarrier</subfield>
    <subfield code="a">&#x645;&#x62C;&#x644;&#x62F;</subfield>
    <subfield code="b">nc</subfield>
  </datafield>
  <datafield tag="490" ind1="0" ind2=" ">
    <subfield code="a">&#x627;&#x644;&#x62A;&#x631;&#x627;&#x62B; &#x61B;</subfield>
    <subfield code="v">2</subfield>
  </datafield>
  <datafield tag="500" ind1=" " ind2=" ">
    <subfield code="a">&#x64A;&#x634;&#x62A;&#x645;&#x644; &#x639;&#x644;&#x649; &#x643;&#x634;&#x627;&#x641;&#x627;&#x62A;.</subfield>
  </datafield>
  <datafield tag="504" ind1=" " ind2=" ">
    <subfield code="a">&#x64A;&#x634;&#x62A;&#x645;&#x644; &#x639;&#x644;&#x649; &#x625;&#x631;&#x62C;&#x627;&#x639;&#x627;&#x62A; &#x628;&#x628;&#x644;&#x64A;&#x648;&#x62C;&#x631;&#x627;&#x641;&#x64A;&#x629;.</subfield>
  </datafield>
  <datafield tag="541" ind1=" " ind2=" ">
    <subfield code="a">&#x623;&#x644;&#x641; &#x628;&#x627;&#x621; &#x61B;</subfield>
    <subfield code="c">&#x634;&#x631;&#x627;&#x621; &#x61B;</subfield>
  </datafield>
  <datafield tag="590" ind1=" " ind2=" ">
    <subfield code="a">eman</subfield>
  </datafield>
  <datafield tag="600" ind1=" " ind2=" ">
    <subfield code="9">16391</subfield>
    <subfield code="a">&#x627;&#x628;&#x646; &#x645;&#x646;&#x642;&#x630; &#x627;&#x644;&#x643;&#x646;&#x627;&#x646;&#x64A;&#x60C; &#x645;&#x62D;&#x628; &#x627;&#x644;&#x62F;&#x64A;&#x646; &#x623;&#x628;&#x648; &#x627;&#x644;&#x645;&#x638;&#x641;&#x631; &#x623;&#x633;&#x627;&#x645;&#x629; &#x628;&#x646; &#x645;&#x631;&#x634;&#x62F; &#x628;&#x646; &#x639;&#x644;&#x64A; &#x628;&#x646; &#x645;&#x642;&#x644;&#x62F; &#x628;&#x646; &#x646;&#x635;&#x631; &#x627;&#x644;&#x643;&#x644;&#x628;&#x64A; &#x627;&#x644;&#x634;&#x64A;&#x631;&#x627;&#x632;&#x64A; , (488- 584&#x647;&#x640;)</subfield>
  </datafield>
  <datafield tag="650" ind1=" " ind2="7">
    <subfield code="a">&#x634;&#x639;&#x631; &#x627;&#x644;&#x631;&#x62B;&#x627;&#x621;</subfield>
    <subfield code="v">&#x645;&#x62C;&#x645;&#x648;&#x639;&#x627;&#x62A;.</subfield>
    <subfield code="2">BUEsh</subfield>
    <subfield code="9">16389</subfield>
  </datafield>
  <datafield tag="653" ind1=" " ind2=" ">
    <subfield code="b">ARALIT</subfield>
    <subfield code="c">January2020</subfield>
  </datafield>
  <datafield tag="655" ind1=" " ind2=" ">
    <subfield code="v">Reading book</subfield>
  </datafield>
  <datafield tag="700" ind1="1" ind2=" ">
    <subfield code="a">&#x62D;&#x62C;&#x627;&#x632;&#x64A;&#x60C; &#x645;&#x635;&#x637;&#x641;&#x649;&#x60C;</subfield>
    <subfield code="e">&#x645;&#x62D;&#x642;&#x642;.</subfield>
    <subfield code="9">13376</subfield>
  </datafield>
  <datafield tag="942" ind1=" " ind2=" ">
    <subfield code="2">ddc</subfield>
    <subfield code="c">BB</subfield>
  </datafield>
  <datafield tag="952" ind1=" " ind2=" ">
    <subfield code="0">0</subfield>
    <subfield code="1">0</subfield>
    <subfield code="2">ddc</subfield>
    <subfield code="4">0</subfield>
    <subfield code="7">0</subfield>
    <subfield code="8">Alef-Baa</subfield>
    <subfield code="a">MAIN</subfield>
    <subfield code="b">MAIN</subfield>
    <subfield code="c">2ND</subfield>
    <subfield code="d">2010-07-18</subfield>
    <subfield code="e">Purchase</subfield>
    <subfield code="o">892.71008 &#x645; &#x646; &#x642;</subfield>
    <subfield code="p">000021554</subfield>
    <subfield code="r">2025-07-15 00:00:00</subfield>
    <subfield code="y">BB</subfield>
  </datafield>
</record>
